Vizualizácia správania sa subjektov s nelineárnymi dynamickými vzťahmi v limitujúcom prostredí
Simulácia prejavu nelineárneho dynamického systému, ktorý sleduje správanie systému v okolí stacionárnych bodov pomocou časových priebehov a fázových diagramov. Vytvorenie a analýza jednoduchého nelineárneho modelu. Osvojenie si základných charakteristík nelineárnych dynamických systémov.
Na minha lista:
| Autor principal: | |
|---|---|
| Outros Autores: | , , |
| Formato: | Capítulo de Livro |
| Idioma: | eslovaco |
| Assuntos: | |
| Tags: |
Sem tags, seja o primeiro a adicionar uma tag!
|
MARC
| LEADER | 00000nla a2200000 4500 | ||
|---|---|---|---|
| 001 | 0152621 | ||
| 005 | 20240502072721.9 | ||
| 041 | 0 | |a slo | |
| 044 | |a SK | ||
| 245 | 1 | 0 | |a Vizualizácia správania sa subjektov s nelineárnymi dynamickými vzťahmi v limitujúcom prostredí |c Dušan Baník, Martin Kozík, Jana Pastoreková, Ľubomír Turňa |
| 520 | |a Simulácia prejavu nelineárneho dynamického systému, ktorý sleduje správanie systému v okolí stacionárnych bodov pomocou časových priebehov a fázových diagramov. Vytvorenie a analýza jednoduchého nelineárneho modelu. Osvojenie si základných charakteristík nelineárnych dynamických systémov. | ||
| 610 | 2 | 0 | |a matematika výpočtová |
| 610 | 2 | 0 | |a informatika aplikovaná |
| 610 | 2 | 0 | |a rovnice diferenciálne |
| 610 | 2 | 0 | |a zabezpečenie matematické |
| 610 | 2 | 0 | |a modely dynamické |
| 610 | 2 | 0 | |a modely nelineárne |
| 610 | 2 | 0 | |a analýza numerická |
| 610 | 2 | 0 | |a programovanie |
| 100 | 1 | |a Baník, Dušan | |
| 700 | 1 | |a Kozík, Martin | |
| 700 | 1 | |a Pastoreková, Jana | |
| 700 | 1 | |a Turňa, Ľubomír | |